<?xml version="1.0" encoding="UTF-8"?>
<collection xmlns="http://www.loc.gov/MARC21/slim">
 <record>
  <leader>02677nab a2200265 i 4500</leader>
  <controlfield tag="001">publ6113</controlfield>
  <controlfield tag="005">20190410091341.0</controlfield>
  <controlfield tag="008">190410s2015    hu      o     0||   angol d</controlfield>
  <datafield tag="022" ind1=" " ind2=" ">
   <subfield code="a">0001-5296</subfield>
  </datafield>
  <datafield tag="024" ind1="7" ind2=" ">
   <subfield code="a">10.1515/abcsb-2015-0008</subfield>
   <subfield code="2">doi</subfield>
  </datafield>
  <datafield tag="024" ind1="7" ind2=" ">
   <subfield code="a">2998094</subfield>
   <subfield code="2">mtmt</subfield>
  </datafield>
  <datafield tag="040" ind1=" " ind2=" ">
   <subfield code="a">SZTE Publicatio Repozitórium</subfield>
   <subfield code="b">hun</subfield>
  </datafield>
  <datafield tag="041" ind1=" " ind2=" ">
   <subfield code="a">angol</subfield>
  </datafield>
  <datafield tag="100" ind1="2" ind2=" ">
   <subfield code="a">Görgényi Miklósné Tari Irma</subfield>
  </datafield>
  <datafield tag="245" ind1="1" ind2="4">
   <subfield code="a">The alleviation of the adverse effects of salt stress in the tomato plant by salicylic acid shows a time- and organ-specific antioxidant response.</subfield>
   <subfield code="h">[elektronikus dokumentum] /</subfield>
   <subfield code="c"> Görgényi Miklósné Tari Irma</subfield>
  </datafield>
  <datafield tag="260" ind1=" " ind2=" ">
   <subfield code="c">2015</subfield>
  </datafield>
  <datafield tag="300" ind1=" " ind2=" ">
   <subfield code="a">21-30</subfield>
  </datafield>
  <datafield tag="490" ind1="0" ind2=" ">
   <subfield code="a">ACTA BIOLOGICA CRACOVIENSIA SERIES BOTANICA</subfield>
   <subfield code="v">57 No. 1</subfield>
  </datafield>
  <datafield tag="520" ind1="3" ind2=" ">
   <subfield code="a">In the last decade contradictory results have been published  whether exogenous salicylic acid (SA) can increase salt stress  tolerance in cultivated plants by inducing antioxidant response.  Salt stress injury in tomato was mitigated only in that case if  plants were hardened with high concentration of SA (~10-4 M),  low concentrations were ineffective. An efficient accumulation  of Na+ in older leaves is a well known feature of salt stress  response of tomato (Solanum lycopersicum cv. Rio fuego) but it  remains largely unexplored whether young and old leaves or root  tissues have distinct antioxidant status during salt stress  after hardening with 10-7 M or 10-4 M SA. Determination of  superoxide dismutase (SOD) and catalase (CAT) activity revealed  that the SA-induced transient increases in these enzyme  activities in young leaf and/or root tissues did not correlate  with the salt tolerance of plants. Salt stress resulted in  tenfold increase in ascorbate peroxidase (APX) activity of young  leaves and significant increases in APX and glutathione  reductase (GR) activities of the roots hardened with 10-4 M SA.  Both total ascorbate (AsA) and glutathione pools reached the  highest level in the leaves after 10-7 M SA pre-treatment but in  contrast to leaves, the total pool of AsA decreased in the roots  under salt stress and thus, due to low APX activity active  oxygen species were scavenged by ascorbate non-enzymatically in  these tissues. The increased GR activities in the roots after  treatment with 10-4 M SA enabled plants to enhance the reduced  glutathione (GSH) pool and maintain the redox status of AsA  under high salinity, which led to increased salt tolerance.</subfield>
  </datafield>
  <datafield tag="700" ind1="0" ind2="1">
   <subfield code="a">Csiszár Jolán</subfield>
   <subfield code="e">aut</subfield>
  </datafield>
  <datafield tag="700" ind1="0" ind2="1">
   <subfield code="a">Horváth Edit</subfield>
   <subfield code="e">aut</subfield>
  </datafield>
  <datafield tag="700" ind1="0" ind2="1">
   <subfield code="a">Poór Péter</subfield>
   <subfield code="e">aut</subfield>
  </datafield>
  <datafield tag="700" ind1="0" ind2="1">
   <subfield code="a">Takács Zoltán</subfield>
   <subfield code="e">aut</subfield>
  </datafield>
  <datafield tag="700" ind1="0" ind2="1">
   <subfield code="a">Szepesi Ágnes</subfield>
   <subfield code="e">aut</subfield>
  </datafield>
  <datafield tag="856" ind1="4" ind2="0">
   <subfield code="u">http://publicatio.bibl.u-szeged.hu/6113/7/2998094.pdf</subfield>
   <subfield code="z">Dokumentum-elérés </subfield>
  </datafield>
 </record>
</collection>
